000
00305nam a22001337a 4500
008
181016b xxu||||| |||| 00| 0 eng d
020
_a
9780792349952
041
_a
eng
080
_a
610
100
_a
6
101
_a
ANE
245
_a
Pain Management and Anesthesiology
_c
Ashburn,M.A
942
_2
udc
_c
BK
999
_c
49902
_d
49902